Statistics for Asian Geography by Letter - T

Click here to take the quiz!

General Stats

  • This quiz has been taken 38,510 times
  • The average score is 13 of 20

Answer Stats

ClueAnswer% Correct
Capital of IranTehran
97%
The Republic of ChinaTaiwan
91%
A small part of this country is in EuropeTurkey
90%
Country in IndochinaThailand
86%
Buddhist country annexed by
China in 1951
Tibet
86%
Capital of the aboveTaipei
82%
City whose urban area has
more than 40 million residents
Tokyo
81%
Mesopotamian riverTigris
79%
White marble mausoleum in AgraTaj Mahal
78%
Beijing massacre site of 1989Tiananmen Square
75%
Capital of GeorgiaTbilisi
70%
Language of the PhilippinesTagalog
66%
Language of southern India and Sri LankaTamil
63%
Ruined ancient city; Site of a
legendary Homeric war
Troy
58%
Vast subarctic forest biome of EurasiaTaiga
43%
Chinese port city adjacent to BeijingTianjin
35%
Sea off northern Vietnam;
Site of a fake "incident" in 1964
Gulf of {Tonkin}
32%
China's largest damThree Gorges
31%
Ancient city in Lebanon often
linked with Sidon
Tyre
23%
Indonesian lake. Site of a supervolcano
eruption 70,000 years ago
Lake {Toba}
10%

Score Distribution

Percentile by Number Answered

Percent of People with Each Score

Your Score History

You have not taken this quiz